[Event "IRI-ch"]
[Site "Tabriz"]
[Date "2013.12.02"]
[Round "8"]
[White "Pooreraghian, Mohammadreza"]
[Black "Asnaashari, Soheyl"]
[Result "1/2-1/2"]
[WhiteElo "2076"]
[BlackElo "2149"]
[PlyCount "120"]
[EventDate "2013.11.27"]
[EventType "swiss"]
[EventRounds "11"]
[EventCountry "IRI"]
[SourceTitle "CBM 157 Extra"]
[Source "ChessBase"]
[SourceDate "2013.12.19"]
[SourceVersion "1"]
[SourceVersionDate "2013.12.19"]
[SourceQuality "1"]

1. Nf3 d5 2. d4 Nf6 3. c4 c6 4. Nc3 e6 5. e3 Nbd7 6. Qc2 Bd6 7. b3 0-0 8. Be2 Re8 9. 0-0 Qe7 10. Bb2 b6 11. e4 dxe4 12. Nxe4 Nxe4 13. Qxe4 Bb7 14. Bd3 f5 15. Qe2 c5 16. Rfe1 cxd4 17. Nxd4 Ne5 18. Bc2 Qg5 19. g3 Ng4 20. f3 Nh6 21. Rad1 e5 22. Nb5 Bc5+ 23. Kf1 Qh5 24. Rd5 Bxd5 25. cxd5 Rad8 26. Kg2 a6 27. Nc7 Re7 28. Nxa6 Rxd5 29. b4 e4 30. Bb3 exf3+ 31. Qxf3 Qxf3+ 32. Kxf3 Rxe1 33. Bxd5+ Kf8 34. bxc5 bxc5 35. Nxc5 Ng4 36. Ne6+ Ke7 37. Ba3+ Kf6 38. Bb2+ Ke7 39. Bxg7 Nxh2+ 40. Kg2 Ng4 41. Nf4 Rd1 42. Kh3 Rd2 43. Kh4 Nf6 44. Bxf6+ Kxf6 45. Nh5+ Ke5 46. Bf7 h6 47. Kh3 Rd7 48. Be8 Rd8 49. Bb5 Rd1 50. Nf4 h5 51. Kg2 Rd2+ 52. Kh3 Rxa2 53. Nxh5 Rb2 54. Be8 Rb4 55. Bg6 Ra4 56. Be8 Ra8 57. Bc6 Ra6 58. Bb5 Ra5 59. Bd3 Ra4 60. Kg2 f4 1/2-1/2

[Event "IRI-ch"]
[Site "Tabriz"]
[Date "2013.11.29"]
[Round "4"]
[White "Khalesi, Vahid"]
[Black "Asnaashari, Soheyl"]
[Result "1-0"]
[WhiteElo "2265"]
[BlackElo "2149"]
[PlyCount "79"]
[EventDate "2013.11.27"]
[EventType "swiss"]
[EventRounds "11"]
[EventCountry "IRI"]
[SourceTitle "CBM 157 Extra"]
[Source "ChessBase"]
[SourceDate "2013.12.19"]
[SourceVersion "1"]
[SourceVersionDate "2013.12.19"]
[SourceQuality "1"]

1. e4 c5 2. Nf3 e6 3. c3 d6 4. d4 cxd4 5. cxd4 g6 6. Nc3 Bg7 7. Bf4 a6 8. Qa4+ Bd7 9. Qa3 Nc6 10. d5 Ne5 11. Qxd6 Nxf3+ 12. gxf3 Rc8 13. dxe6 fxe6 14. Be5 Bxe5 15. Qxe5 Qf6 16. Qxf6 Nxf6 17. 0-0-0 Rf8 18. Kd2 Ke7 19. Ke3 Rf7 20. Rd2 Nh5 21. Be2 Nf4 22. Rg1 Rc5 23. Rg4 Nxe2 24. Nxe2 Rh5 25. Rg2 Bb5 26. Nd4 Bd7 27. f4 Rh3+ 28. f3 Rh4 29. Rg4 Rxg4 30. fxg4 e5 31. fxe5 Bxg4 32. Rf2 Rxf2 33. Kxf2 Bd1 34. Ke3 h6 35. Kd2 Bg4 36. Kc3 Kd7 37. Nc2 Ke6 38. Kd4 g5 39. Ne3 Bh3 40. Nf5 1-0

[Event "IRI-ch"]
[Site "Tabriz"]
[Date "2013.11.28"]
[Round "3"]
[White "Asnaashari, Soheyl"]
[Black "Darini, Pouria"]
[Result "0-1"]
[WhiteElo "2149"]
[BlackElo "2540"]
[PlyCount "66"]
[EventDate "2013.11.27"]
[EventType "swiss"]
[EventRounds "11"]
[EventCountry "IRI"]
[SourceTitle "CBM 157 Extra"]
[Source "ChessBase"]
[SourceDate "2013.12.19"]
[SourceVersion "1"]
[SourceVersionDate "2013.12.19"]
[SourceQuality "1"]

1. d4 Nf6 2. c4 g6 3. Nc3 d5 4. Nf3 Bg7 5. Qb3 dxc4 6. Qxc4 0-0 7. e4 Be6 8. Qd3 c5 9. d5 Bg4 10. Be2 e6 11. 0-0 exd5 12. exd5 Na6 13. h3 Bf5 14. Qc4 Re8 15. Bf4 Ne4 16. Nb5 Bxb2 17. Rae1 Qa5 18. Bd3 Qb4 19. Qc2 Bg7 20. a3 Qa5 21. g4 Bd7 22. Rxe4 Bxb5 23. Bd2 Bxd3 24. Qxd3 Qd8 25. Rfe1 Rxe4 26. Qxe4 Rc8 27. Bf4 c4 28. Rc1 b5 29. d6 Nc5 30. Qe3 Nd3 31. Rc2 Qd7 32. Bg3 Re8 33. Qg5 Qc6 0-1

[Event "Fajr op 18th"]
[Site "Mashhad"]
[Date "2010.02.22"]
[Round "5"]
[White "Asnaashari, Soheyl"]
[Black "Sharbaf, Mohsen"]
[Result "0-1"]
[WhiteElo "2102"]
[BlackElo "2381"]
[PlyCount "56"]
[EventDate "2010.02.20"]
[EventType "swiss"]
[EventRounds "11"]
[EventCountry "IRI"]
[SourceTitle "CBM 135 Extra"]
[Source "ChessBase"]
[SourceDate "2010.05.04"]
[SourceVersion "1"]
[SourceVersionDate "2010.05.04"]
[SourceQuality "1"]

1. e4 c5 2. Nf3 Nc6 3. b3 Nf6 4. e5 Nd5 5. Bb2 d6 6. Bb5 Nc7 7. Bxc6+ bxc6 8. d4 cxd4 9. Nxd4 dxe5 10. Nxc6 Qxd1+ 11. Kxd1 Bb7 12. Nxe5 Bxg2 13. Rg1 Bb7 14. Nd2 f6 15. Nd3 e5 16. c4 Ne6 17. f3 Kf7 18. Kc2 Be7 19. Rae1 Rhd8 20. Rg3 Nd4+ 21. Kc3 a5 22. a3 g5 23. b4 Rac8 24. Bc1 Ba6 25. bxa5 Bxc4 26. Nxc4 Nb5+ 27. Kb2 Rxc4 28. Rxe5 Rxd3 0-1

[Event "Fajr op 18th"]
[Site "Mashhad"]
[Date "2010.02.21"]
[Round "3"]
[White "Asnaashari, Soheyl"]
[Black "Ghane Gardeh, Shojaat"]
[Result "1-0"]
[WhiteElo "2102"]
[BlackElo "2387"]
[PlyCount "30"]
[EventDate "2010.02.20"]
[EventType "swiss"]
[EventRounds "11"]
[EventCountry "IRI"]
[SourceTitle "CBM 135 Extra"]
[Source "ChessBase"]
[SourceDate "2010.05.04"]
[SourceVersion "1"]
[SourceVersionDate "2010.05.04"]
[SourceQuality "1"]

1. e4 e6 2. d4 d5 3. Nc3 Nf6 4. Bg5 Be7 5. e5 Nfd7 6. h4 Nc6 7. Nh3 f6 8. exf6 Nxf6 9. Be2 a6 10. a3 0-0 11. Qd2 b5 12. 0-0 Na5 13. b3 Nb7 14. Bf3 c5 15. Rfe1 c4 1-0